[Event "Dortmund Sparkassen op"]
[Site "Dortmund"]
[Date "2008.07.03"]
[Round "6"]
[White "Wolter, Jens"]
[Black "Kahleys, Kevin"]
[Result "1-0"]
[WhiteElo "2106"]
[BlackElo "1955"]
[PlyCount "75"]
[EventDate "2008.06.30"]
[EventType "swiss"]
[EventRounds "9"]
[EventCountry "GER"]
[SourceTitle "CBM 125 Extra"]
[Source "ChessBase"]
[SourceDate "2008.09.01"]
[SourceVersion "1"]
[SourceVersionDate "2008.09.01"]
[SourceQuality "1"]

1. e4 e6 2. d4 d5 3. e5 c5 4. c3 Nc6 5. Be3 Qb6 6. Qd2 cxd4 7. cxd4 Nge7 8. Nf3 Nf5 9. Nc3 Be7 10. Bd3 Nxe3 11. fxe3 f6 12. exf6 Bxf6 13. 0-0 0-0 14. Qc2 h6 15. Kh1 Bd7 16. Na4 Qc7 17. Nc5 Rac8 18. Qe2 b6 19. Nxd7 Qxd7 20. Rac1 Qd6 21. Bb1 e5 22. dxe5 Nxe5 23. Rxc8 Rxc8 24. Nd4 Nf7 25. Qg4 Re8 26. Qg6 Kf8 27. Qd3 Qe5 28. Nf5 Nd6 29. Nxg7 Re7 30. Nh5 Rf7 31. Nf4 Qxb2 32. Qxd5 Be5 33. Ng6+ Kg7 34. Rd1 Bc3 35. Qxd6 Qe2 36. Nf4 Qxe3 37. Qg6+ Kf8 38. Rd8+ 1-0

[Event "Dortmund Sparkassen op"]
[Site "Dortmund"]
[Date "2008.07.01"]
[Round "3"]
[White "Savchenko, Aleksij"]
[Black "Wolter, Jens"]
[Result "1-0"]
[WhiteElo "2163"]
[BlackElo "2106"]
[PlyCount "43"]
[EventDate "2008.06.30"]
[EventType "swiss"]
[EventRounds "9"]
[EventCountry "GER"]
[SourceTitle "CBM 125 Extra"]
[Source "ChessBase"]
[SourceDate "2008.09.01"]
[SourceVersion "1"]
[SourceVersionDate "2008.09.01"]
[SourceQuality "1"]

1. d4 d5 2. c4 e6 3. Nc3 Nf6 4. cxd5 exd5 5. Bg5 Be7 6. e3 c6 7. Bd3 Nbd7 8. Qc2 0-0 9. Nge2 Re8 10. 0-0 Nf8 11. f3 b6 12. Rad1 Bb7 13. e4 dxe4 14. fxe4 Ng4 15. Bc1 Bg5 16. Rf3 Bxc1 17. Qxc1 Nh6 18. Rg3 Kh8 19. e5 f6 20. Bc4 fxe5 21. Qxh6 Ng6 22. Qxg6 1-0

[Event "Dortmund Sparkassen op-A"]
[Site "Dortmund"]
[Date "2006.07.28"]
[Round "1"]
[White "Koetting, Hans Erich"]
[Black "Wolter, Jens"]
[Result "1-0"]
[WhiteElo "1825"]
[BlackElo "2107"]
[PlyCount "71"]
[EventDate "2006.07.28"]
[EventType "swiss"]
[EventRounds "9"]
[EventCountry "GER"]
[SourceTitle "CBM 113 Extra"]
[Source "ChessBase"]
[SourceDate "2006.09.14"]
[SourceVersion "1"]
[SourceVersionDate "2006.09.14"]
[SourceQuality "1"]

1. e4 c5 2. Nf3 g6 3. d4 Bg7 4. c3 cxd4 5. cxd4 d5 6. e5 Bg4 7. Bf4 e6 8. Bb5+ Nc6 9. Bxc6+ bxc6 10. Qa4 Qb6 11. Nbd2 Ne7 12. Bg5 Bxf3 13. Nxf3 Nf5 14. Rc1 0-0 15. b3 Rfc8 16. Bd2 Bf8 17. g4 Nh6 18. h3 c5 19. 0-0 cxd4 20. Nxd4 Qd8 21. Nc6 Qd7 22. Qa6 Re8 23. Nd4 Qd8 24. Kg2 Qh4 25. Nf3 Qd8 26. Ba5 Qb8 27. Rc7 Re7 28. Rfc1 Qe8 29. Rc8 Rxc8 30. Rxc8 Qd7 31. Rd8 Qb7 32. Qd6 Kg7 33. Bb4 Ng8 34. Rb8 Re8 35. Rxb7 Bxd6 36. Bxd6 1-0

[Event "GER-ch U18"]
[Site "Willingen"]
[Date "2006.06.09"]
[Round "9"]
[White "Hauser, Carlos"]
[Black "Wolter, Jens"]
[Result "1/2-1/2"]
[WhiteElo "2134"]
[BlackElo "2107"]
[PlyCount "53"]
[EventDate "2006.06.03"]
[EventType "swiss"]
[EventRounds "9"]
[EventCountry "GER"]
[SourceTitle "EXT 2007"]
[Source "ChessBase"]
[SourceDate "2006.11.23"]
[SourceVersion "1"]
[SourceVersionDate "2006.11.23"]
[SourceQuality "1"]

1. d4 d5 2. c4 e6 3. Nc3 Be7 4. cxd5 exd5 5. Bf4 c6 6. e3 Bf5 7. g4 Be6 8. h4 c5 9. g5 Nc6 10. Nf3 Rc8 11. Ne5 Bd6 12. Bb5 Nge7 13. h5 a6 14. Be2 cxd4 15. exd4 Nf5 16. Nxc6 Rxc6 17. Qd2 Qc7 18. Bxd6 Qxd6 19. Bg4 Rc4 20. Bxf5 Bxf5 21. Kf1 0-0 22. Re1 Qb4 23. Rh4 Be4 24. Nxe4 dxe4 25. Rd1 Qb5 26. Kg1 Qd5 27. Qe3 1/2-1/2

[Event "GER-ch U18"]
[Site "Willingen"]
[Date "2006.06.08"]
[Round "8"]
[White "Wolter, Jens"]
[Black "Kaufmann, Benjamin"]
[Result "1/2-1/2"]
[WhiteElo "2107"]
[BlackElo "1940"]
[PlyCount "102"]
[EventDate "2006.06.03"]
[EventType "swiss"]
[EventRounds "9"]
[EventCountry "GER"]
[SourceTitle "EXT 2007"]
[Source "ChessBase"]
[SourceDate "2006.11.23"]
[SourceVersion "1"]
[SourceVersionDate "2006.11.23"]
[SourceQuality "1"]

1. e4 e5 2. Nf3 Nc6 3. Bb5 Nf6 4. 0-0 Nxe4 5. d4 Nd6 6. Bxc6 dxc6 7. dxe5 Nf5 8. Qxd8+ Kxd8 9. Nc3 Bd7 10. Bf4 h6 11. Rad1 Kc8 12. Rd3 Be7 13. Rfd1 Be6 14. Nd4 Nxd4 15. Rxd4 b6 16. a3 Kb7 17. Ne2 c5 18. R4d2 Rad8 19. Be3 Kc6 20. f4 Rxd2 21. Rxd2 Rd8 22. Ng3 Rxd2 23. Bxd2 Kd5 24. Kf2 g6 25. Kf3 h5 26. h3 b5 27. Nf1 b4 28. g4 hxg4+ 29. hxg4 a5 30. Ne3+ Kd4 31. Be1 c4 32. c3+ bxc3 33. Bxc3+ Kd3 34. f5 gxf5 35. gxf5 Bd7 36. Kf4 Bxa3 37. Nd5 Bc6 38. Nxc7 Bb4 39. Bxb4 axb4 40. Na6 b3 41. Nb4+ Kd2 42. Nxc6 c3 43. Na5 cxb2 44. Nc4+ Kc1 45. Nxb2 Kxb2 46. e6 fxe6 47. fxe6 Kc2 48. e7 b2 49. e8Q b1Q 50. Qe4+ Kb2 51. Qxb1+ Kxb1 1/2-1/2

[Event "Dortmund op-A"]
[Site "Dortmund"]
[Date "2005.07.16"]
[Round "8"]
[White "Trella, Thomas"]
[Black "Wolter, Jens"]
[Result "1-0"]
[WhiteElo "2266"]
[BlackElo "2079"]
[PlyCount "81"]
[EventDate "2005.07.08"]
[EventType "swiss"]
[EventRounds "9"]
[EventCountry "GER"]
[SourceTitle "CBM 107 Extra"]
[Source "ChessBase"]
[SourceDate "2005.09.01"]
[SourceVersion "1"]
[SourceVersionDate "2005.09.01"]
[SourceQuality "1"]

1. e4 c5 2. Nc3 Nc6 3. Bb5 g6 4. Bxc6 dxc6 5. d3 Bg7 6. Be3 b6 7. Qd2 e5 8. f4 exf4 9. Bxf4 Be6 10. Nf3 Nf6 11. 0-0 0-0 12. Rae1 Ne8 13. e5 Bd5 14. Nxd5 cxd5 15. d4 Nc7 16. c3 Ne6 17. Bh6 Rc8 18. Bxg7 Kxg7 19. Rd1 c4 20. Rde1 b5 21. g3 a5 22. a3 Rb8 23. h4 b4 24. axb4 axb4 25. Nh2 bxc3 26. bxc3 h5 27. Rf6 Rb7 28. Nf3 Re8 29. Rf1 Ree7 30. Rf2 Qa5 31. Kg2 Qa1 32. Ng5 Nxg5 33. Qxg5 Qb1 34. R6f3 Re6 35. g4 hxg4 36. Qxg4 Qe4 37. Qg5 Rb1 38. Kh2 Rb7 39. h5 Ree7 40. h6+ Kh7 41. Qf6 1-0

[Event "Dortmund op-A"]
[Site "Dortmund"]
[Date "2005.07.08"]
[Round "1"]
[White "Wolter, Jens"]
[Black "Voss, Andreas"]
[Result "1-0"]
[WhiteElo "2079"]
[BlackElo "1699"]
[PlyCount "25"]
[EventDate "2005.07.08"]
[EventType "swiss"]
[EventRounds "9"]
[EventCountry "GER"]
[SourceTitle "CBM 107 Extra"]
[Source "ChessBase"]
[SourceDate "2005.09.01"]
[SourceVersion "1"]
[SourceVersionDate "2005.09.01"]
[SourceQuality "1"]

1. e4 c5 2. Nf3 d6 3. Bb5+ Bd7 4. Bxd7+ Nxd7 5. 0-0 Ngf6 6. Qe2 g6 7. c3 Bg7 8. d4 0-0 9. e5 Ne8 10. e6 Ndf6 11. exf7+ Rxf7 12. Ng5 cxd4 13. Qe6 1-0